Central Library || Chittagong University

Muhammad : (Record no. 110975)

MARC details
000 -LEADER
fixed length control field 00522nam a22001817a 4500
003 - CONTROL NUMBER IDENTIFIER
control field BD-ChCU
005 - DATE AND TIME OF LATEST TRANSACTION
control field 20260113120616.0
008 - FIXED-LENGTH DATA ELEMENTS--GENERAL INFORMATION
fixed length control field 260113b bg ||||| |||| 00| 0 ben d
040 ## - CATALOGING SOURCE
Transcribing agency BD-ChCU
082 ## - DEWEY DECIMAL CLASSIFICATION NUMBER
Classification number 297.44 SUM
100 ## - MAIN ENTRY--PERSONAL NAME
Personal name Sulaiman Nadvi, Saiyid.
9 (RLIN) 19112
245 ## - TITLE STATEMENT
Title Muhammad :
Remainder of title the ideal prophet.//
Statement of responsibility, etc. Saiyed Sulaiman Nadvi.
260 ## - PUBLICATION, DISTRIBUTION, ETC.
Place of publication, distribution, etc. Karachi,
Name of publisher, distributor, etc. Wal-uloomil Islamic
Date of publication, distribution, etc. 1977
300 ## - PHYSICAL DESCRIPTION
Extent 191p
650 #0 - SUBJECT ADDED ENTRY--TOPICAL TERM
Topical term or geographic name entry element Hazarat Mohammad (S).
9 (RLIN) 19113
700 ## - ADDED ENTRY--PERSONAL NAME
Personal name Sulaiman Nadvi Saiyid.
9 (RLIN) 19114
942 ## - ADDED ENTRY ELEMENTS (KOHA)
Source of classification or shelving scheme Dewey Decimal Classification
Koha item type Books
Suppress in OPAC No
Holdings
Withdrawn status Lost status Source of classification or shelving scheme Damaged status Not for loan Home library Current library Shelving location Date acquired Source of acquisition Total Checkouts Full call number Barcode Date last seen Copy number Price effective from Koha item type
    Dewey Decimal Classification     Chittagong University Library Chittagong University Library Arts and Humanities Reading Room 01/13/2026 Purchase   297.44 SUM 114422 01/13/2026 C-1 01/13/2026 Books
© Copyright 2025. Chittagong University Library, Installation and Maintenance by Prof. Dr. Md. Alamgir, 01711306253